ბათუმის შოთა რუსთაველის სახელმწიფო უნივერსიტეტის ბიბლიოთეკა

მცენარეთა ქიმიური დაცვის საშუალებები. პესტიციდები : (ბიბ.ჩანაწერი № 63163)

000 -ლიდერი
ფიქსირებული სიგრძის საკონტროლო ველი 01132nam a22002297a 4500
003 - საკონტროლო ნომრის იდენტიფიკატორი
საკონტროლო ველი Ge_BSU
005 - ბოლო ოპერაციის თარიღი და დრო
საკონტროლო ველი 20250613115852.0
008 - ფიქსირებული სიგრძის მონაცემთა ელემენტები - ზოგადი ინფორმაცია
ფიქსირებული სიგრძის საკონტროლო ველი 250613s1984 ge ||||| |||| 00| 0 geo d
041 ## - ენის კოდი
Language code of text/sound track or separate title geo
080 ## - უნივერსალური ათობითი კლასიფიკაციის ინდექსი
Universal Decimal Classification number 632.934(035) გ-26
100 ## - მთავარი ჩანაწერი - პიროვნების სახელი
Personal name გეგენავა, გრიგოლ
9 (RLIN) 25414
245 ## - ცნობა სათაურის შესახებ
Title მცენარეთა ქიმიური დაცვის საშუალებები. პესტიციდები :
Remainder of title მოკლე ცნობარი /
Statement of responsibility, etc გრიგოლ გეგენავა, კარლო ბუაჩიძე.
264 ## - წარმოების, გამოცემის, დისტრიბუციის და სხვა ცნობები
გამოცემის, წარმოების, დისტრიბუციის... ადგილი თბ. :
გამოცემის, წარმოების, დისტრიბუციის... სახელწოდება საბჭ. საქართველო,
გამოცემის, წარმოების, დისტრიბუციის... თარიღი 1984.
300 ## - ფიზიკური აღწერა
Extent 166 გვ. ;
Other physical details 17 სმ.
500 ## - ზოგადი შენიშვნა
General note ანბ. საძიებელი: გვ. 154-163.
504 ## - BIBLIOGRAPHY, ETC. NOTE
Bibliography, etc ბიბლიოგრ.: გვ. 164-165
653 ## - INDEX TERM--UNCONTROLLED
Uncontrolled term მცენარეთა დაცვა
653 ## - INDEX TERM--UNCONTROLLED
Uncontrolled term მცენარეთა ქიმიური დაცვა
653 ## - INDEX TERM--UNCONTROLLED
Uncontrolled term პესტიციდები
700 ## - ADDED ENTRY--PERSONAL NAME
Personal name ბუაჩიძე, კარლო
Relator term ავტორი
9 (RLIN) 14627
942 ## - ADDED ENTRY ELEMENTS (KOHA)
Source of classification or shelving scheme
Koha item type წიგნი
ეგზემპლარები
ჩამოწერის სტატუსი დაკარგული ეგზემპლარის სტატუსი კლასიფიკაციის წყარო ან თაროზე გაწყობის სქემა დაზიანების სტატუსი არ გაიცემა მუდმივი მდებარეობა (დაცვის ადგილი) ამჟამინდელი ადგილსამყოფელი თაროზე განთავსების ადგილი შეძენის თარიღი ღირებულება, შესყიდვის ნორმალური ფასი სრული შენახვის შიფრი შტრიხკოდი ბოლო ოპერაციის თარიღი ეგზემპლარის მიმდევრობითი ნომერი (კეტერი?) ფასის ძალაში შესვლის თარიღი ეგზემპლარის სახეობა საჯარო შენიშვნა
          აგრარული და მემბრანული ტექნოლოგიების ინსტიტუტის ბიბლიოთეკა აგრარული და მემბრანული ტექნოლოგიების ინსტიტუტის ბიბლიოთეკა წიგნსაცავი 2025-06-13 5.00 632.934(035) გ-26 71815 2025-06-13 71815 2025-06-13 წიგნი 5 ლ.